Loading...
Fine Arts - Auditory Fine Arts | 3 | 4 | 0 | 0 | 85 | 47 | 83.57 | 6 | 7 |
History - World History | 0 | 6 | 0 | 0 | 60 | 70 | 98.67 | 2 | 6 |
Science - Biology | 1 | 4 | 0 | 1 | 55 | 47 | 79.20 | 2 | 5 |
Mythology | 0 | 5 | 0 | 2 | 50 | 99 | 123.20 | 0 | 5 |
History - American History | 0 | 5 | 0 | 0 | 50 | 73 | 99.20 | 2 | 5 |
Geography | 1 | 1 | 0 | 0 | 25 | 46 | 65.50 | 2 | 2 |
Literature - World Literature | 0 | 3 | 1 | 0 | 25 | 119 | 124.00 | 0 | 3 |
Social Science | 0 | 2 | 0 | 0 | 20 | 104 | 109.00 | 1 | 2 |
History - European History | 0 | 2 | 0 | 0 | 20 | 77 | 82.00 | 1 | 2 |
History - Other History | 0 | 2 | 0 | 1 | 20 | 134 | 136.00 | 0 | 2 |
Religion | 0 | 2 | 1 | 0 | 15 | 83 | 91.00 | 2 | 2 |
Literature - American Literature | 0 | 1 | 0 | 0 | 10 | 127 | 127.00 | 0 | 1 |
Mythology- Edited | 0 | 1 | 0 | 0 | 10 | 134 | 134.00 | 0 | 1 |
Other Academic | 0 | 1 | 0 | 0 | 10 | 98 | 98.00 | 0 | 1 |
Auditory Fine Arts (1900-1970) | 0 | 1 | 0 | 0 | 10 | 77 | 77.00 | 0 | 1 |
Science - Chemistry | 0 | 2 | 2 | 1 | 10 | 111 | 113.50 | 0 | 2 |
Fine Arts - Visual Fine Arts | 0 | 1 | 1 | 0 | 5 | 131 | 131.00 | 0 | 1 |
Science - Physics | 0 | 1 | 1 | 0 | 5 | 123 | 123.00 | 0 | 1 |
Pop Culture | 0 | 0 | 0 | 0 | 0 | 0.00 | 0 | 0 | |
Literature - British Literature | 0 | 0 | 1 | 0 | -5 | 0.00 | 0 | 0 |